|
|
|
|
| LEADER |
00000nam0a2200000 4500 |
| 001 |
245475 |
| 005 |
20231101232129.0 |
| 010 |
|
|
|a 521200151Х
|b 7000 экз.
|
| 035 |
|
|
|a (RuTPU)RU\TPU\book\266884
|
| 090 |
|
|
|a 245475
|
| 100 |
|
|
|a 20131112d1989 m y0rusy50 ca
|
| 101 |
0 |
|
|a rus
|
| 102 |
|
|
|a RU
|
| 105 |
|
|
|a a z 010gy
|
| 200 |
1 |
|
|a Песни борьбы и свободы
|e [сборник]
|f сост. Я. Богданов ; авт. предисл. Р. И. Рождественский ; ил. А. Бегака
|
| 210 |
|
|
|a Москва
|c Книга
|d 1989
|
| 215 |
|
|
|a 159 с.
|c ил.
|d 10 см.
|
| 300 |
|
|
|a К 100-летию празднования 1 Мая
|
| 300 |
|
|
|a В суперобложке.
|
| 610 |
1 |
|
|a русская литература
|
| 610 |
1 |
|
|a революционная поэзия
|
| 610 |
1 |
|
|a 19 век
|
| 610 |
1 |
|
|a 20 век
|
| 610 |
1 |
|
|a миниатюрные издания
|
| 686 |
|
|
|a Ч611.68
|v LBC/SL-A
|2 rubbk
|
| 702 |
|
1 |
|a Богданов
|b Я.
|g Ярослав
|4 220
|
| 702 |
|
1 |
|a Рождественский
|b Р. И.
|c русский поэт
|f 1932-1994
|g Роберт Иванович
|2 stltpush
|3 (RuTPU)RU\TPU\pers\8217
|4 080
|9 1614
|
| 702 |
|
1 |
|a Бегак
|b А.
|g Алексей
|4 440
|
| 801 |
|
1 |
|a RU
|b 63413507
|c 20131112
|
| 942 |
|
|
|c BK
|